000 01145caa a22002411ib4500
003 SA-RiAUC
005 20251029065850.0
008 251023s2000 su g 000f0 ara c
040 _aSA-EnSBSSC
_bara
_cSA-RiAUC
_erda
043 _aa-su---
082 0 4 _a253.90209531
090 _a253.90209531
_b ح ج ي
100 1 _aالحجيلي، عبد الله بن محمد بن سعد
_eمؤلف.
245 1 2 _aالأوقاف النبوية ووقفيات بعض الصحابة الكرام :
_bدراسة فقهية-تاريخية-وثائقية /
_cعبد الله بن محمد بن سعد الحجيلي.
300 _a63 صفحة؛
_c28 سم.
336 _aنص
_btxt
_2rdacontent
_3مقالة
337 _aبدون وسيط
_bn
_2rdamedia
338 _aمجلد
_bnc
_2rdacarrier
650 7 _aالوقف
_zالسعودية
_xتاريخ
_vمقالات ومحاضرات
_2aucsh
773 0 _tالعقيق / نادي المدينة المنورة الأدبي.
_gمجلد 14، عدد 27-28 (رمضان / ذو الحجة 1420 هجري = مارس 2000)، صفحة 63-125
942 _2ddc
_cBOOK
_n0
949 _aSA-JeALM
_d251023
_umohamedma123
_n1
999 _c12728
_d12728